000 00860nab a2200229u 4500
001 19387
003 HDC
007 c| |||a|c|aaaa
008 210227b20100313my ||||o |||| 00| 0 eng d
040 _aHDC
100 _aNONOY E. LACSON, ALI G. MACABALANG /
_eauthor
_917838
245 0 _aARMM officials laud new laws for Muslim Filipinos /
_cNONOY E. LACSON, ALI G. MACABALANG
336 _atext
_2rdacontent
337 _acomputer
_2rdamedia
338 _aonline resource
_2rdacarrier
650 _aAutonomous Region in Muslim Mindanao (ARMM)
_917839
650 _aNational Commission on Muslim Filipinos (NCMF)
_911807
856 _zRequest full-text at [email protected]
942 _2lcc
942 _cNEWS
942 _kNWS0 003550
999 _c16703
_d16703